header

Joining places (Record no. 6856)

MARC details
000 -LEADER
fixed length control field 02058nam a2200421Ia 4500
001 - CONTROL NUMBER
control field ebr10273381
003 - CONTROL NUMBER IDENTIFIER
control field CaPaEBR
006 - FIXED-LENGTH DATA ELEMENTS--ADDITIONAL MATERIAL CHARACTERISTICS--GENERAL INFORMATION
fixed length control field m u
007 - PHYSICAL DESCRIPTION FIXED FIELD--GENERAL INFORMATION
fixed length control field cr cn|||||||||
008 - FIXED-LENGTH DATA ELEMENTS--GENERAL INFORMATION
fixed length control field 070124s2007 ncub sb s001 0 eng d
010 ## - LIBRARY OF CONGRESS CONTROL NUMBER
Canceled/invalid LC control number 2007003201
020 ## - INTERNATIONAL STANDARD BOOK NUMBER
Cancelled/invalid ISBN 9780807831038 (cloth : alk. paper)
Cancelled/invalid ISBN 0807831034 (cloth : alk. paper)
040 ## - CATALOGING SOURCE
Original cataloging agency CaPaEBR
Transcribing agency CaPaEBR
035 ## - SYSTEM CONTROL NUMBER
System control number (OCoLC)233572710
050 14 - LIBRARY OF CONGRESS CALL NUMBER
Classification number E445.M6
Item number K29 2007eb
100 1# - MAIN ENTRY--PERSONAL NAME
Personal name Kaye, Anthony E.
245 10 - TITLE STATEMENT
Title Joining places
Medium [electronic resource] :
Remainder of title slave neighborhoods in the old South /
Statement of responsibility, etc Anthony E. Kaye.
260 ## - PUBLICATION, DISTRIBUTION, ETC. (IMPRINT)
Place of publication, distribution, etc Chapel Hill :
Name of publisher, distributor, etc University of North Carolina Press,
Date of publication, distribution, etc c2007.
300 ## - PHYSICAL DESCRIPTION
Extent x, 365 p. :
Other physical details maps.
490 1# - SERIES STATEMENT
Series statement The John Hope Franklin series in African American history and culture
504 ## - BIBLIOGRAPHY, ETC. NOTE
Bibliography, etc Includes bibliographical references (p. [311]-342) and index.
533 ## - REPRODUCTION NOTE
Type of reproduction Electronic reproduction.
Place of reproduction Palo Alto, Calif. :
Agency responsible for reproduction ebrary,
Date of reproduction 2011.
Note about reproduction Available via World Wide Web.
-- Access may be limited to ebrary affiliated libraries.
650 #0 - SUBJECT ADDED ENTRY--TOPICAL TERM
Topical term or geographic name as entry element Slaves
Geographic subdivision Mississippi
-- Natchez (District)
General subdivision Social life and customs.
Topical term or geographic name as entry element Slaves
Geographic subdivision Mississippi
-- Natchez (District)
General subdivision Social conditions.
Topical term or geographic name as entry element Community life
Geographic subdivision Mississippi
-- Natchez (District)
General subdivision History.
Topical term or geographic name as entry element Neighborhoods
Geographic subdivision Mississippi
-- Natchez (District)
General subdivision History.
Topical term or geographic name as entry element African American neighborhoods
Geographic subdivision Mississippi
-- Natchez (District)
General subdivision History.
Topical term or geographic name as entry element Slaves
Geographic subdivision Southern States
General subdivision Social life and customs
Form subdivision Case studies.
Topical term or geographic name as entry element Slaves
Geographic subdivision Southern States
General subdivision Social conditions
Form subdivision Case studies.
Topical term or geographic name as entry element Community life
Geographic subdivision Southern States
Form subdivision Case studies.
651 #0 - SUBJECT ADDED ENTRY--GEOGRAPHIC NAME
Geographic name Natchez (Miss. : District)
General subdivision Social life and customs.
Geographic name Natchez (Miss. : District)
General subdivision Social conditions.
655 #7 - INDEX TERM--GENRE/FORM
Genre/form data or focus term Electronic books.
Source of term local
710 2# - ADDED ENTRY--CORPORATE NAME
Corporate name or jurisdiction name as entry element ebrary, Inc.
830 #0 - SERIES ADDED ENTRY--UNIFORM TITLE
Uniform title John Hope Franklin series in African American history and culture.
856 40 - ELECTRONIC LOCATION AND ACCESS
Uniform Resource Identifier <a href="http://site.ebrary.com/lib/rucke/Doc?id=10273381">http://site.ebrary.com/lib/rucke/Doc?id=10273381</a>
Public note An electronic book accessible through the World Wide Web; click to view

No items available.

© 2026 Rongo University
Contact us: librarian | system librarian | Rongo university